Star Trek Crew Quiz Stats

 Plays Quiz Updated Oct 25, 2013

Support Sporcle.
Go Orange.
Score 0/8 Timer 03:00
0 Plays Today
% Correct
Spock
97.7%
James T. Kirk
97.4%
Montgomery Scott
89.5%
Dr. Leonard McCoy
85.8%
Sulu
80.3%
Uhura
73.4%
Pavel Chekov
70.1%
Christine Chapel
43.4%

From the Vault

'70s Song Title Match-Up

by babymonkee

Music 4m
It might be fun to create your own titles, but to get the best score, don't make any ch-ch-ch-ch-changes.
Remove Ads.
Support Sporcle.
Get the best of Sporcle when you Go Orange. This ad-free experience offers more features, more stats, and more fun while also helping to support Sporcle. Thank you for becoming a member.

Show Comments

Extras

Top Quizzes Today


Score Distribution

Your Account Isn't Verified!

In order to create a playlist on Sporcle, you need to verify the email address you used during registration. Go to your Sporcle Settings to finish the process.

Report this User

Report this user for behavior that violates our Community Guidelines.

Details: